| 000 | 00337 a2200145 4500 | ||
|---|---|---|---|
| 001 | 174819 | ||
| 020 | _a | ||
| 040 | _cMagnum | ||
| 100 | _aMacario, Pedro | ||
| 240 | 1 | 0 |
_aA revolta da natureza conta o rei do fogo _lpor |
| 245 | 1 | 0 | _aA revolta da natureza conta o rei do fogo |
| 362 | 0 | _a1899 | |
| 697 | _aIJ/ECOLOGIA | ||
| 942 | _cBK | ||
| 999 |
_c174819 _d174819 |
||